Linia kolejowa nr 203 - posterunki i przystanki - Statystyki

Ogólne statystyki
  • Ten quiz został rozwiązany 18 razy
  • Średni wynik to 22 z 76
Statystyki odpowiedzi
Rodzaj punktu Linie
kolejowe
Nazwa punktu % Poprawnych
Stacja 9, 131203, 726 727, 728 Tczew
100%
Stacja 203, 273410, 828 Kostrzyn
93%
Okręg nastawczy 203, 410827 Kostrzyn KoA
93%
Stacja 203, 367415 Gorzów Wielkopolski
87%
Posterunekodgałęźny 203 Gorzów Wielkopolski R901
87%
Stacja 203, 208210, 211 281 Chojnice
80%
Stacja 18, 203354, 374 405, 999 Piła Główna
80%
Stacja 203, 243 Starogard Gdański
73%
Stacja 203, 215 Czersk
67%
Punkt granicznyUWAGA! Do nazwy dopisz "Gr" 203 Kostrzyn Gr
67%
Stacja 203, 351412 Krzyż
67%
Stacja 203, 426 Zwierzyn
67%
Przystanek osobowy 203 Gorzów Wielkopolski Wschodni
60%
Stacja 203 Lipka Krajeńska
60%
Przystanek osobowy 203, 415 Gorzów Wielkopolski Wieprzyce
53%
Stacja 203 Trzcianka
53%
Stacja 203 Witnica
53%
Stacja 203 Czarna Woda
47%
Stacja 203, 240 Złotów
47%
Stacja 203 Krajenka
40%
Stacja 203 Rytel
40%
Przystanek osobowyi posterunek odstępowy 203 Santok
40%
Stacja 203 Swarożyn
40%
Stacja 203 Wieleń
40%
Stacja 203 Kaliska
33%
Stacja 203 Nowe Drezdenko
33%
Przystanek osobowy 203 Piła Podlasie
33%
Przystanek osobowy 203 Kamienna Karczma
27%
Przystanek osobowy 203 Krojanty
27%
Przystanek osobowy 203 Łąg
27%
Przystanek osobowy 203 Rytel Wieś
27%
Stacja 203 Stare Kurowo
27%
Posterunek odgałęźny 203, 730 Tczew Suchostrzygi
27%
Przystanek osobowy 203 Biała Pilska
20%
Stacja 203 Bogdaniec
20%
Przystanek osobowy 203 Bytonia
20%
Przystanek osobowy 203 Dąbroszyn
20%
Stacja 203 Górki Noteckie
20%
Stacja 203 Nowiny Wielkie
20%
Przystanek osobowy 203 Pinczyn
20%
Przystanek osobowy 203 Rokitki Tczewskie
20%
Przystanek osobowy 203 Skórka
20%
Przystanek osobowy 203 Stobno
20%
Przystanek osobowy 203 Szpęgawsk
20%
Przystanek osobowy 203 Zakrzewo Złotowskie
20%
Przystanek osobowyi posterunek odgałęźny 203 Zblewo
20%
Przystanek osobowy 203 Bukowo Człuchowskie
13%
Przystanek osobowyi posterunek odgałęźny 203 Gutowiec
13%
Przystanek osobowy 203 Łupowo
13%
Przystanek osobowy 203 Moszczenica Pomorska
13%
Przystanek osobowy 203 Piesienice
13%
Stacja 203 Wawrów
13%
Stacja 203 Wierzchowo Człuchowskie
13%
Posterunek odstępowy (zlikwidowany) 203 Angowice
7%
Stacja 203 Biernatowo
7%
Przystanek osobowy 203 Czechów
7%
Przystanek osobowy 203 Dolnik
7%
Przystanek osobowy 203 Kamień Mały
7%
Stacja(zlikwidowana) 203 Kotuń
7%
Posterunekodgałęźny 203, 727729, 730 731, 735 Malinowo
7%
Mijanka(zlikwidowana) 203 Nowa Wieś
7%
Stacja (zlikwidowana) 203 Piła Rozrządowa
7%
Stacja(zlikwidowana) 203 Piła Towarowa
7%
Przystanek osobowyi posterunek odstępowy (zlikwidowane) 203 Płociczno
7%
Przystanek osobowy 203 Sarbiewo
7%
Przystanek osobowy 203 Siedlisko Czarnkowskie
7%
Przystanek osobowy 203, 430 Stare Bielice
7%
Posterunek odstępowy (zlikwidowany) 203 Chmieliniec
0%
Posterunek odstępowy (zlikwidowany) 203 Cis
0%
Posterunek odstępowy (zlikwidowany) 203 Głomsk
0%
Posterunek odstępowy (zlikwidowany) 203 Klementowice
0%
Posterunek odstępowy (zlikwidowany) 203 Kruszka
0%
Posterunekodstępowy (zlikwidowany) 203 Lubiszewo
0%
Posterunek odstępowy (zlikwidowany) 203 Mały Borek
0%
Posterunek
odstępowy
(zlikwidowany)
203 Stawnica
0%
Mijanka(zlikwidowana) 203 Wert
0%
Nie znaleziono quizów pasujących do podanych kryteriów
Rozkład punktacji
Procent ludzi z każdym wynikiem
Percentyl według liczby udzielonych odpowiedzi
Twoja historia wyników
Nie rozwiązałeś tego quizu